00386nam a22001337a 450000300070000000500170000700800410002402000230006504000090008808200200009724500530011726000550017030000270022533001020250610080339.0250609b sa ||||| |||| 00| 0 eng d a9781868143696qpbk c3228 a331.880968 TRAD aTrade Unions and Democratization in South Africa aJohannesburgbWitwatersrand University Pressc2000 axvii, 238 pagesc21 cm